Normal view
MARC view
Entry Personal Name
001 - CONTROL NUMBER
- control field: 1091794
003 - CONTROL NUMBER IDENTIFIER
- control field: OSt
005 - DATE AND TIME OF LATEST TRANSACTION
- control field: 20260121172718.0
008 - FIXED-LENGTH DATA ELEMENTS
- fixed length control field: 260121|| aca||aabn | a|a d
040 ## - CATALOGING SOURCE
- Original cataloging agency: OSt
- Transcribing agency: OSt
100 ## - HEADING--PERSONAL NAME
- Personal name: Yukiko Senda
670 ## - SOURCE DATA FOUND
- Source citation: Work cat.: (OSt)1657534: Yukiko Senda, Pregnancy Outcomes of Unmarried Women in Japan (1995–2015)
